000 01478cam a22003617a 4500
001 14343246
005 20221005161058.0
008 060417r20051971enkab e 000 0deng
010 _a 2006367359
015 _aGBA533990
_2bnb
016 7 _a013180601
_2Uk
020 _a184511017X (pbk.)
024 3 _a9781845110178 (pbk.)
035 _a(OCoLC)ocm59356076
040 _aUKM
_cUKM
_dBAKER
_dBWKUK
_dVP@
_dDLC
042 _alccopycat
050 0 0 _aHQ799.5
_b.M36 2005
082 0 4 _a915.04426
_bMAR
100 1 _aMarnham, Patrick.
_999168
245 1 0 _aRoad to Katmandu /
_cPatrick Marnham.
260 _aLondon ;
_aNew York :
_bTauris Parke Paperbacks ;
_aNew York :
_bDistributed in the U.S. by Palgrave Macmillan,
_c2005.
300 _a160 p. :
_bill., maps ;
_c20 cm.
500 _aOriginally published: London : Macmillan, 1971.
600 1 0 _aMarnham, Patrick
_xTravel
_zAsia.
_999169
650 0 _aHippies
_vBiography.
_999170
651 0 _aAsia
_xDescription and travel.
_911233
856 4 2 _3Contributor biographical information
_uhttp://www.loc.gov/catdir/enhancements/fy0643/2006367359-b.html
856 4 2 _3Publisher description
_uhttp://www.loc.gov/catdir/enhancements/fy0643/2006367359-d.html
856 4 1 _3Table of contents only
_uhttp://www.loc.gov/catdir/enhancements/fy0665/2006367359-t.html
906 _a7
_bcbc
_ccopycat
_d3
_encip
_f20
_gy-gencatlg
942 _2ddc
_cBK
999 _c591509
_d591509